000
00312nam a22001337a 4500
003
MPLRDC
005
20220104185245.0
008
210129b ||||| |||| 00| 0 eng d
082
_a
DISC
100
_a
藤井树
245
_a
流浪的终点--1 DISC
_c
650
_a
短篇小说--别集
942
_c
CDA
_o
DISC
999
_c
63251
_d
63241